| 000 | 01532nam a2200373 a 4500 | ||
|---|---|---|---|
| 001 | ebr10255385 | ||
| 003 | CaPaEBR | ||
| 006 | m u | ||
| 007 | cr cn||||||||| | ||
| 008 | 071218s2008 nju sb 011 0 eng | ||
| 010 | _z 2007051862 | ||
| 020 | _z9789812779540 (hardcover : alk. paper) | ||
| 020 | _z981277954X (hardcover : alk. paper) | ||
| 040 |
_aCaPaEBR _cCaPaEBR |
||
| 035 | _a(OCoLC)471130110 | ||
| 050 | 1 | 4 |
_aQA274.29 _b.I54 2008eb |
| 082 | 0 | 4 |
_a519.2/2 _222 |
| 245 | 0 | 0 |
_aInfinite dimensional stochastic analysis _h[electronic resource] : _bin honor of Hui-Hsiung Kuo / _ceditors, Ambar N. Sengupta, P. Sundar. |
| 260 |
_aNew Jersey : _bWorld Scientific, _cc2008. |
||
| 300 | _aviii, 245 p. | ||
| 490 | 1 |
_aQP-PQ, quantum probability and white noise analysis ; _vv. 22 |
|
| 504 | _aIncludes bibliographical references and index. | ||
| 533 |
_aElectronic reproduction. _bPalo Alto, Calif. : _cebrary, _d2013. _nAvailable via World Wide Web. _nAccess may be limited to ebrary affiliated libraries. |
||
| 650 | 0 | _aWhite noise theory. | |
| 650 | 0 | _aStochastic analysis. | |
| 655 | 7 |
_aElectronic books. _2local |
|
| 700 | 1 |
_aKuo, Hui-Hsiung, _d1941- |
|
| 700 | 1 |
_aSengupta, Ambar, _d1963- |
|
| 700 | 1 |
_aSundar, P. _q(Padmanabhan) |
|
| 710 | 2 | _aebrary, Inc. | |
| 830 | 0 |
_aQP-PQ ; _vv. 22. |
|
| 830 | 0 |
_aQP-PQ, quantum probability and white noise analysis ; _vv. 22. |
|
| 856 | 4 | 0 |
_uhttp://site.ebrary.com/lib/rucke/Doc?id=10255385 _zAn electronic book accessible through the World Wide Web; click to view |
| 999 |
_c14165 _d14165 |
||